Song Lyrics: Rammstein - Tier - Statistics

General Stats
  • This quiz has been taken 173 times
  • The average score is 144 of 175
Answer Stats
Text % Correct
ein
99%
ein...
99%
Tier
98%
Tier,
98%
Tier.
98%
Was
95%
Was?
95%
Was,
95%
du?
94%
macht
91%
Mann,
91%
Mann
91%
bist
88%
der
88%
die
88%
nur
87%
und
87%
Doch
86%
Frau,
84%
nicht
84%
kann?
83%
kann.
83%
Sie
81%
Mensch
79%
unterscheiden
76%
zwischen
74%
Er
73%
er,
73%
sein
73%
Blut
72%
Blut,
72%
fühlst
69%
tust
69%
Tochter
67%
ist
66%
Hund,
65%
an
64%
ihr
64%
wie
63%
Jahren
62%
jung
62%
zu
62%
schön
60%
sich
60%
einen
59%
paaren.
59%
gehen.
58%
in
58%
wird
57%
bei
56%
Fleisch
56%
seiner
56%
Vater
56%
dann
52%
mit
52%
schlief.
51%
Brief.
50%
Kindheit,
49%
als
48%
schreibt
47%
selber
41%
taucht
41%
Feder
40%
eigen
38%
Zeilen
36%
Entseelte
14%
No matching quizzes found
Score Distribution
Percent of People with Each Score
Percentile by Number Answered
Your Score History
You have not taken this quiz